| 000 | 00351nam a2200133Ia 4500 | ||
|---|---|---|---|
| 008 | 150202s9999 xx 000 0 und d | ||
| 020 | _a140099840 | ||
| 050 |
_aFIC _bFIC |
||
| 100 | _aFeeling, Nicolas. | ||
| 245 |
_aCold iron / _cNicolas Feeling. |
||
| 260 |
_aUSA : _bPenguin Books, _c1986. |
||
| 300 |
_a224 pages : _c18 cm. |
||
| 650 | _aFiction. | ||
| 999 |
_c282016 _d282016 |
||